New Zealand Cricket Captains - Sudden Death - Statistics

General Stats
  • This quiz has been taken 191 times
  • The average score is 5 of 10
Answers on the Grid
Answers color-coded by a green-red scale on the quiz's grid according to % correct below.
Adam Parore
Ajaz Patel
BJ Watling
Brendon McCullum
Chris Cairns
Daniel Vettori
Geoff Howarth
Jeremy Coney
John Reid
Kane Williamson
Lance Cairns
Martin Guptill
Neil Wagner
Richard Hadlee
Stephen Fleming
Steve Waugh
Tim Southee
Tom Latham
Tom Lowry
Trent Boult
 
Answer Stats
Answer % Correct
Brendon McCullum
80%
Kane Williamson
66%
Daniel Vettori
62%
Tim Southee
56%
Stephen Fleming
51%
Tom Latham
50%
Jeremy Coney
30%
Geoff Howarth
29%
John Reid
29%
Tom Lowry
11%
No matching quizzes found
Score Distribution
Percent of People with Each Score
Percentile by Number Answered
Your Score History
You have not taken this quiz